000 00272nam a2200097Ia 4500
001 1225224
005 20250827092941.0
008 250824s9999 xx 000 0 und d
245 0 _aDİJİTAL KALE
_cNURDAN BEŞERGİL
260 _bALTIN KİTAPLAR YAYINLARI
999 _c1225224
_d1225224